000 00432nam a22001577a 4500
003 OSt
005 20160517095502.0
008 160517b xxu||||| |||| 00| 0 eng d
020 _a0534561063
040 _cN/A
100 _aHausman Carl
245 _aModern radio production
_bproduction programming,and performance
250 _a5th ed
260 _aU.S.A.
_bWadsworth a division of Thomaaon Learning
_c2000
942 _2lcc
_cBK
999 _c253725
_d253724